[Event "Berlin Eckbauer op 12th"]
[Site "Berlin"]
[Date "2009.09.14"]
[Round "1.31"]
[White "Mueller, Erhard"]
[Black "Zigic, Milutin"]
[Result "0-1"]
[WhiteElo "1967"]
[BlackElo "1924"]
[PlyCount "87"]
[EventDate "2009.09.14"]
[EventType "swiss"]
[EventRounds "7"]
[EventCountry "GER"]
[SourceTitle "EXT 2022"]
[Source "ChessBase"]
[SourceDate "2021.10.06"]
[SourceVersion "1"]
[SourceVersionDate "2021.10.06"]
[SourceQuality "1"]

1. d4 Nf6 2. c4 g6 3. Nc3 Bg7 4. Nf3 0-0 5. g3 d6 6. Bg2 Nbd7 7. 0-0 c6 8. Bf4 a5 9. Qd2 Re8 10. Bh6 Bh8 11. e4 e5 12. Bg5 Qc7 13. d5 Nc5 14. Qc2 cxd5 15. Bxf6 Bxf6 16. Nxd5 Qd8 17. a3 a4 18. Nd2 Ne6 19. Nf3 Bg7 20. Rfd1 Nc5 21. Nd2 Bd7 22. Qc3 Bc6 23. Rdb1 Bxd5 24. cxd5 Bh6 25. Nf1 Nb3 26. Ra2 Rc8 27. Qb4 Qd7 28. Bf3 b5 29. Be2 Rc5 30. Bd1 Nc1 31. Rba1 Nd3 32. Qa5 Qb7 33. f4 exf4 34. Qd2 Ne5 35. gxf4 Nc4 36. Qd4 Bxf4 37. b4 axb3 38. Bxb3 Be5 39. Qd3 Bxa1 40. Bxc4 Qa7 41. Kg2 bxc4 42. Qf3 Be5 43. Nd2 c3 44. Qf2 0-1